La pintura contemporánea norteamericana /
Guardado en:
| Formato: | Libro |
|---|---|
| Publicado: |
New York :
Museum of Modern Art,
1941
|
| Materias: | |
| Etiquetas: |
Agregar Etiqueta
Sin Etiquetas, Sea el primero en etiquetar este registro!
|
| LEADER | 00541nam a22001935a 4500 | ||
|---|---|---|---|
| 001 | CEM.cems000037 | ||
| 008 | 130507s1941##################000#0#####d | ||
| 005 | 20210516170227.0 | ||
| 003 | CEMS | ||
| 245 | 0 | 0 | |a La pintura contemporánea norteamericana / |
| 260 | |a New York : |b Museum of Modern Art, |c 1941 | ||
| 300 | |a 166 p. | ||
| 082 | 0 | 4 | |a 759.13 |
| 653 | |a Arte | ||
| 653 | |a Historia del arte | ||
| 653 | |a Pintura | ||
| 653 | |a Pintura eeuu | ||
| 653 | |a Pintura contemporánea EEUU | ||
| 859 | |a CEMS |b BIB. CEMS - 11 de abril |h 759.13 |i P658 |p 14420.87 |t Ej.1 | ||
